Češi a reklama

Výskum postoja českej verejnosti k reklame. Presýtenosť reklamou v jednotlivých médiách. Reklama na mieste predaja. Informácie z reklamy ako zdroj pre nákupné rozhodovanie. Vývoj nákupu na základe reklamy. Vnímanie spoločenskej úlohy reklamy. Informovanie obyvateľov mesta/obce prostredníctvom reklam...

Ausführliche Beschreibung

Gespeichert in:
Bibliographische Detailangaben
1. Verfasser: Vysekalová, Jitka
Weitere Verfasser: Řepka, Vladimír
Format: Buchkapitel
Sprache:Tschechisch
Schlagworte:
Tags: Tag hinzufügen
Keine Tags, Fügen Sie das erste Tag hinzu!

MARC

LEADER 00000naa a2200000 4500
001 0241841
005 20180409125721.6
041 0 |a cze 
044 |a CZ 
245 1 0 |a Češi a reklama  |c Jitka Vysekalová, Vladimír Řepka 
520 |a Výskum postoja českej verejnosti k reklame. Presýtenosť reklamou v jednotlivých médiách. Reklama na mieste predaja. Informácie z reklamy ako zdroj pre nákupné rozhodovanie. Vývoj nákupu na základe reklamy. Vnímanie spoločenskej úlohy reklamy. Informovanie obyvateľov mesta/obce prostredníctvom reklamy. 
610 2 0 |a reklama 
610 2 0 |a médiá 
610 2 0 |a televízia 
610 2 0 |a internet 
610 2 0 |a siete sociálne 
610 2 0 |a informácie 
610 2 0 |a rozhodovanie nákupné 
610 2 0 |a výskum 
610 2 0 |a Česko 
100 1 |a Vysekalová, Jitka 
700 1 |a Řepka, Vladimír